The Roller Coasters of Six Flags Great Adventure - Statistics

General Stats
  • This quiz has been taken 157 times
    116 since last reset
  • The average score is 14 of 28
Answer Stats
Years Operated Roller Coaster % Correct
2005 - 2024 Kingda Ka
96%
2006 - Present El Toro
94%
1993 - Present Batman: The Ride
86%
2001 - Present Nitro
83%
2021 - Present Jersey Devil Coaster
79%
2003 - Present Superman - Ultimate Flight
78%
2011 - 2024 Green Lantern
76%
2025 - Present The Flash: Vertical Velocity
72%
1999 - Present Medusa
71%
2016 - Present Joker
65%
1996 - Present Skull Mountain
56%
1989 - 2010 Great American Scream Machine
53%
1974 - Present Runaway Mine Train
51%
2008 - Present The Dark Knight Coaster
50%
1999 - Present Harley Quinn Crazy Train
42%
1998 - 2007 Batman and Robin: The Chiller
41%
1979 - 2013 Rolling Thunder
41%
1999 - Present Lil' Devil Coaster
40%
1995 - 2004 Viper
33%
1978 - 1986 Lightnin' Loops - Lower Loop
27%
1978 - 1992 Lightnin' Loops - Upper Loop
27%
1990 - 1992 Shockwave
21%
1986 - 1988 Ultra Twister
18%
1984 - 1988 Sarajevo Bobsled
17%
1974 - 1977 Big Fury
13%
1976 - 1978 Alpen Blitz
12%
1976 - 1983 Lil' Thunder
10%
1978 - 1980 Wild Rider
9%
No matching quizzes found
Score Distribution
Percent of People with Each Score
Percentile by Number Answered
Your Score History
You have not taken this quiz since the last reset